000
00233 a2200097 4500
001
48364
100
_a
Saddique Arshad Gulji
245
_a
Hadood wa Taghzeerat
260
_a
Islamabad
_b
Idra Tahqeqat Islami
_c
090
_c
31305
_d
31305
942
_a
NUST-CAE
_c
M
_c
23676
999
_c
283437
_d
283437